|
|
|
|
| LEADER |
01364nam a2200277 a 4500 |
| 001 |
16960 |
| 003 |
BD-DhAAL |
| 008 |
090413s1999 enka b 001 0 eng d |
| 010 |
|
|
|a 98049429
|
| 020 |
|
|
|a 0521642221
|
| 040 |
|
|
|a DLC
|c DLC
|d DLC
|d BD-DhAAL
|
| 082 |
0 |
0 |
|a 535
|2 21
|
| 100 |
1 |
|
|a Born, Max,
|d 1882-1970.
|9 26448
|
| 245 |
1 |
0 |
|a Principles of optics :
|b electromagnetic theory of propagation, interference and diffraction of light /
|c Max Born and Emil Wolf ; with contributions by A.B. Bhatia ... [et al.].
|
| 250 |
|
|
|a Seventh expanded edition.
|
| 260 |
|
|
|a Cambridge ;
|a New York :
|b Cambridge University Press,
|c 1999.
|
| 300 |
|
|
|a xxxiii, 952 pages :
|b illustrations ;
|c 26 cm.
|
| 504 |
|
|
|a Includes bibliographical references and index.
|
| 526 |
|
|
|a MNS
|x Iftekhar Mohammad Shafiqul Kalam
Faculty member of Mathematics and Natural Sciences (MNS)
|
| 541 |
1 |
|
|e 16960
|a Essence Science Publications
|
| 650 |
|
0 |
|a Optics.
|9 26449
|
| 700 |
1 |
|
|a Wolf, Emil.
|9 26450
|
| 852 |
|
|
|a Ayesha Abed Library
|c General Stacks
|
| 942 |
|
|
|2 ddc
|c BK
|
| 999 |
|
|
|c 221
|d 221
|
| 952 |
|
|
|0 0
|1 0
|2 ddc
|4 0
|6 535_BOR_200500000000000
|7 0
|9 205
|a BRACUL
|b BRACUL
|c GEN
|d 2009-04-29
|e Essence Science Publications
|g 6400.00
|l 5
|m 24
|o 535 BOR
|p 3010016960
|r 2025-10-15
|s 2025-06-23
|t 1
|w 2009-04-29
|y BK
|x Requisitioned by Iftekhar Mohammad Shafiqul Kalam, Faculty member of Mathematics and Natural Sciences (MNS).
|